Представление документа в формате RUSMARC

ПолеНазваниеЗначение
  Тип записи a
  Библиографический уровень m
001 Контрольный номер b91faa5c9f114a2e9bd73fad0331ebe7
005 Дата корректировки 20150217133801.2
010 Индекс ISBN __
a ISBN 978-5-4383-0052-6
d Цена 680,00
101 Язык документа 0_
a Язык текста rus
102 Страна публикации __
a Страна публикации RU
200 Заглавие и сведения об ответственности 1_
a Заглавие Таможенное регулирование внешнеторговой деятельности в России в условиях Таможенного союза в рамках ЕврАзЭС
b Общее обозначение материала Текст
e Сведения, относящиеся к заглавию учебное пособие
f Первые сведения об ответственности В. Г. Пансков, В. В. Федоткин
210 Выходные данные 1_
a Место издания СПб
c Издательство ИЦ Интермедия
d Дата издания 2014
215 Физическое описание __
a Объем 580с.
610 Ключевые слова 0_
a Ключевые слова таможенное регулирование
a Ключевые слова таможенное дело
a Ключевые слова таможенное оформление
a Ключевые слова таможенное регулирование
a Ключевые слова таможенный контроль
a Ключевые слова таможенные платежи
686 Индексы других классификаций __
a Классификационный индекс 67.401.21
a Классификационный индекс 65.9(2)8
700 Автор _1
a Фамилия Пансков В. Г.
702 Вторичная интеллектуальная ответственность _1
a Фамилия Федоткин В.В.
801 Источник записи _0
a Страна RU
b Организация РУК
g Правила каталогизации PSBO
801 Источник записи _1
a Страна RU
b Организация РУК
g Правила каталогизации PSBO
852 Данные о местонахождении __
i Авторский знак П16
j Шифр хранения 67.401.21
b Сигла хранения ЧЗ_2
t Номер экземпляра 1
p Инвентарный номер 150628
901 Тип документа __
t Тип документа m
937 Технологическая информация __
a Создатель записи (имя) Носкова
938 Служебная информация __
a Название организации Саранский филиал
952 Тип литературы __
c Вид литературы учебное пособие